Tìm hiểu thân thế, sự nghiệp và tư tưởng Hồ Chí Minh ( Hỏi và đáp )

Gespeichert in:
Bibliographische Detailangaben
1. Verfasser: Hoàng Trang
Format: Buch
Sprache:Undetermined
Veröffentlicht: H. CTQG 2004
Schlagworte:
Tags: Tag hinzufügen
Keine Tags, Fügen Sie den ersten Tag hinzu!
Thư viện lưu trữ: Trung tâm Học liệu Trường Đại học Cần Thơ
LEADER 00611nam a2200205Ia 4500
001 CTU_59304
008 210402s9999 xx 000 0 und d
020 |b 26500 
082 |a 324.2075092 
082 |b Tr106 
100 |a Hoàng Trang 
245 0 |a Tìm hiểu thân thế, sự nghiệp và tư tưởng Hồ Chí Minh ( Hỏi và đáp ) 
245 0 |c Hoàng Trang và Nguyễn Khánh Bật 
260 |a H. 
260 |b CTQG 
260 |c 2004 
650 |a ho chi minh 
650 |x biography 
904 |i Minh 
980 |a Trung tâm Học liệu Trường Đại học Cần Thơ